000 00371nam a22001457a 4500
003 macl
005 20210911170100.0
008 171102b xxu||||| |||| 00| 0 eng d
040 _cmacl
100 _a Syed Ramsey.
_969362
245 _aTool of War:History of Weapons in Ancient Times
260 _b Alpha Editions
_c2016
650 _amilitary
_969371
942 _2ddc
_cBK
999 _c57121
_d57121